| 000 | 00965cam a2200217 4500 | ||
|---|---|---|---|
| 001 | WB3720-11 | ||
| 008 | 000000n2001 000 0 eng u | ||
| 035 | _a(Sirsi) u112732 | ||
| 245 | _aCongestion charges could benefit stores | ||
| 260 | _c2001 | ||
| 490 |
_aRetail Week _v18 May 2001, 23(1) |
||
| 520 | _aProposed congestion charging might benefit the retail sector in London and could lead to a rise in property rental values due to reduced journey times according to research by Healey & Baker. However the report, which also found retail rents would fall by 2% if the charges are not introduced, warns that improvements in travel times are likely to be smaller than predicted in Mayor Ken Livingstone's draft plans. | ||
| 590 | _aWB | ||
| 650 | _aCONGESTION CHARGING | ||
| 650 | _aLONDON | ||
| 650 | _aRENTAL VALUES | ||
| 650 | _aRETAIL PREMISES | ||
| 650 | _aRETAIL RENTS | ||
| 690 | _aPROPERTY-COMMERCIAL PROPERTY-RETAIL PROPERTY | ||
| 942 | _n0 | ||
| 999 |
_c67122 _d67122 |
||